| 000 | 00367cam a22001217a 4500 | ||
|---|---|---|---|
| 008 | 180718b1963 xxu||||| |||| 00| 0 eng d | ||
| 082 | _aT3100x54 Ar97 | ||
| 100 | _aArya, V.P. | ||
| 245 |
_aCompany directors: a guide to their rights, power, functions and duties _cby V.P. Arya |
||
| 260 |
_aCalcutta _bOxford Bk. _c1963 |
||
| 300 | _a164p. | ||
| 650 | _aDirectors - India | ||
| 999 |
_c358435 _d358435 |
||